[Event "HZ Open"]
[Site "Vlissingen NED"]
[Date "2006.08.11"]
[Round "8"]
[White "Kuijpers,J"]
[Black "Keessen,AJ"]
[Result "1/2-1/2"]
[WhiteElo "1930"]
[BlackElo "2234"]
[EventDate "2006.08.05"]

1. f4 d5 2. Nf3 g6 3. g3 Bg7 4. Bg2 Nh6 5. O-O O-O 6. d3 d4 7. c3 c5 8. Bd2
Nc6 9. Na3 Be6 10. Nc2 Rb8 11. c4 Nf5 12. Rb1 a5 13. a3 b5 14. b3 Qc7 15.
g4 Nd6 16. h3 a4 17. cxb5 Rxb5 18. b4 Bb3 19. Qc1 Rfb8 20. Na1 Bd5 21. Qc2
Qa7 22. bxc5 Rxb1 23. Rxb1 Rxb1+ 24. Qxb1 Qxc5 25. Qc1 Qxc1+ 26. Bxc1 Nb5
27. Nd2 Bxg2 28. Kxg2 e5 29. fxe5 Bh6 30. Nc2 Nc3 31. h4 Bf4 32. e3 dxe3
33. Nc4 Nxe5 34. Nxe5 Bxe5 35. Bxe3 Bd6 36. Kf3 Nb5 37. Bc1 f5 38. gxf5
gxf5 39. Bb2 Kf7 40. h5 Ke6 41. Ke3 Bc5+ 42. Kf4 Be7 43. Ke3 Bg5+ 44. Kf3
Bd2 45. Kg3 f4+ 46. Kg4 h6 47. Bg7 Bc1 48. Bf8 Kf7 49. Bxh6 Nxa3 50. Nxa3
Bxa3 51. Bxf4 1/2-1/2

[Event "HZ Open"]
[Site "Vlissingen NED"]
[Date "2006.08.11"]
[Round "8"]
[White "Monje Peinado,R"]
[Black "Mindeguia Guruceaga,J"]
[Result "1/2-1/2"]
[WhiteElo "2066"]
[BlackElo "2199"]
[EventDate "2006.08.05"]

1. d4 d5 2. Nf3 e6 3. c3 c5 4. e3 Nc6 5. Bd3 f5 6. b3 Nf6 7. O-O Bd6 8. Bb2
O-O 9. c4 cxd4 10. exd4 b6 11. Nc3 Nb4 12. Be2 Bb7 13. a3 Na6 14. cxd5 Nxd5
15. Nxd5 exd5 16. Bd3 Rc8 17. Qe2 Nc7 18. Ne5 Ne6 19. f4 g6 20. g3 Bxe5 21.
fxe5 Rf7 22. Qe3 Rcc7 23. b4 Qg5 24. Qxg5 Nxg5 25. Rac1 Bc8 26. Kg2 Be6 27.
Rxc7 Rxc7 28. Rc1 Rxc1 1/2-1/2

[Event "HZ Open"]
[Site "Vlissingen NED"]
[Date "2006.08.11"]
[Round "8"]
[White "Sijpkens,M"]
[Black "Zilverberg,J"]
[Result "1-0"]
[WhiteElo "2198"]
[BlackElo "2031"]
[EventDate "2006.08.05"]

1. e4 c5 2. Nf3 e6 3. d4 cxd4 4. Nxd4 Nf6 5. Nc3 d6 6. g4 Be7 7. g5 Nfd7 8.
h4 Nb6 9. Be3 Nc6 10. f4 d5 11. e5 g6 12. h5 Rg8 13. Qg4 Bb4 14. a3 Bxc3+
15. bxc3 Nxd4 16. cxd4 Bd7 17. Bd3 a6 18. Rb1 Bb5 19. hxg6 hxg6 20. Bxg6
Qd7 1-0

[Event "HZ Open"]
[Site "Vlissingen NED"]
[Date "2006.08.11"]
[Round "8"]
[White "Oosterom,E"]
[Black "Arp,F"]
[Result "0-1"]
[WhiteElo "2194"]
[BlackElo "2054"]
[EventDate "2006.08.05"]

1. d4 Nf6 2. c4 g6 3. Nc3 Bg7 4. e4 d6 5. Nf3 O-O 6. h3 e5 7. d5 Nbd7 8.
Bg5 a5 9. Be2 Nc5 10. Nd2 Bd7 11. O-O h6 12. Be3 b6 13. Qc2 Nh7 14. Rae1 f5
15. exf5 gxf5 16. f4 e4 17. Nb5 Bxb5 18. cxb5 Qf6 19. Nc4 Qg6 20. Qd2 h5
21. Bd4 Nf6 22. Ne3 Rae8 23. Rd1 Re7 24. Bc4 Nfd7 25. Bxg7 Rxg7 26. Qf2 Qg3
27. Qxg3 Rxg3 28. Kf2 h4 29. Rd2 Kg7 30. Rc1 Kf6 31. Bf1 Re8 32. b3 Nd3+
33. Bxd3 exd3 34. Nf1 Reg8 35. Nxg3 Rxg3 36. Rxc7 Nc5 37. Rxc5 dxc5 38. Ke1
Ke7 39. Rf2 Kd6 40. Kd2 Kxd5 41. Kc3 Ke4 42. Rf1 Rxg2 43. Re1+ Re2 44. Rg1
Rc2+ 0-1

[Event "HZ Open"]
[Site "Vlissingen NED"]
[Date "2006.08.11"]
[Round "8"]
[White "Van de Wynkele,E"]
[Black "Van Zutphen,J"]
[Result "0-1"]
[WhiteElo "1982"]
[BlackElo "2194"]
[EventDate "2006.08.05"]

1. e4 c6 2. d4 Na6 3. c3 Nc7 4. Bd3 d5 5. f3 g6 6. Bf4 Bg7 7. Nd2 h5 8. h4
Nh6 9. Qc2 dxe4 10. Nxe4 Bf5 11. Ne2 Ne6 12. O-O-O Nxf4 13. Nxf4 Qc7 14. g3
O-O-O 15. Nc5 Bxd3 16. Ncxd3 Nf5 17. Qf2 Kb8 18. g4 Bh6 19. g5 Bg7 20. Rde1
Rhe8 21. Ne5 c5 22. Nfd3 cxd4 23. Nxf7 Rd5 24. Qh2 e5 25. Nb4 Rb5 26. Nxe5
Bxe5 0-1

[Event "HZ Open"]
[Site "Vlissingen NED"]
[Date "2006.08.11"]
[Round "8"]
[White "Vanderhallen,N"]
[Black "Schut,L"]
[Result "1-0"]
[WhiteElo "2189"]
[BlackElo "1971"]
[EventDate "2006.08.05"]

1. d4 Nf6 2. c4 c5 3. d5 e6 4. Nc3 exd5 5. cxd5 d6 6. e4 g6 7. f4 Bg7 8.
Nf3 O-O 9. Be2 Bg4 10. O-O Nbd7 11. Re1 Re8 12. h3 Bxf3 13. Bxf3 a6 14. a4
b6 15. Be3 Rb8 16. Bf2 Qc7 17. Bg3 Kh8 18. e5 dxe5 19. fxe5 Ng8 20. d6 Qd8
21. Bc6 Bxe5 22. Rxe5 Nxe5 23. Bxe8 Qxe8 24. Qd5 Nc6 25. d7 Qe3+ 26. Kh2
Nge7 27. Qxf7 Rd8 28. Bc7 Qf4+ 29. Kg1 1-0

[Event "HZ Open"]
[Site "Vlissingen NED"]
[Date "2006.08.11"]
[Round "8"]
[White "Sprangers,R"]
[Black "Roggeveen,W"]
[Result "1-0"]
[WhiteElo "2182"]
[BlackElo "1966"]
[EventDate "2006.08.05"]

1. e4 e5 2. Nf3 Nc6 3. d4 exd4 4. Nxd4 Bc5 5. Be3 Qf6 6. Nb5 Bxe3 7. fxe3
Qd8 8. Qg4 Kf8 9. Qg3 d6 10. N1c3 a6 11. Nd4 Ne5 12. O-O-O Nf6 13. Be2 g6
14. Rhf1 c5 15. Nf3 Nh5 16. Qxe5 1-0

[Event "HZ Open"]
[Site "Vlissingen NED"]
[Date "2006.08.11"]
[Round "8"]
[White "Holwijn,M"]
[Black "Beuman,T"]
[Result "0-1"]
[WhiteElo "2002"]
[BlackElo "2175"]
[EventDate "2006.08.05"]

1. d4 Nf6 2. Nf3 e6 3. c4 d5 4. Nc3 Bb4 5. Bg5 dxc4 6. Qa4+ Nc6 7. e3 Bd7
8. Qc2 O-O 9. Bxc4 Be7 10. O-O a6 11. Rac1 b5 12. Be2 Nb4 13. Qb3 c5 14.
dxc5 Bxc5 15. Ne4 Be7 16. Nxf6+ gxf6 17. Bh6 Re8 18. Rfd1 Rc8 19. Rxc8 Qxc8
20. a3 Nc6 21. Qd3 Nb8 22. Qe4 f5 23. Qf4 Bf6 24. Ne5 Re7 25. Bh5 Be8 26.
Qg3+ Kh8 27. Bg5 Bxg5 28. Qxg5 Qc7 29. f4 Nc6 30. Nxc6 Bxc6 31. Qf6+ Kg8
32. Rc1 Rd7 33. Bf3 Rd6 34. Qe5 Qd7 35. Rf1 Bxf3 36. Rxf3 Rd1+ 37. Kf2 Qd2+
38. Kg3 Rg1 39. Kh4 Rxg2 40. Rg3+ Rxg3 41. Kxg3 Qe1+ 42. Kg2 Qe2+ 43. Kg1
Qd1+ 44. Kf2 Qh1 45. Qf6 Qxh2+ 46. Ke1 Qg1+ 47. Kd2 Qg6 48. Qd4 h5 49. Qb6
Kh7 50. Qd8 Kg7 51. b4 Qf6 52. Qd3 h4 53. Qd6 h3 54. Qxa6 h2 55. Qc6 Qh4
56. Qg2+ Kh7 57. Qb7 Kg7 58. Qg2+ Kf6 59. Qa8 h1=Q 60. Qd8+ Kg7 61. Qd4+
Qf6 0-1

[Event "HZ Open"]
[Site "Vlissingen NED"]
[Date "2006.08.11"]
[Round "8"]
[White "Reyniers,P"]
[Black "Van Weersel,A"]
[Result "0-1"]
[WhiteElo "1964"]
[BlackElo "2155"]
[EventDate "2006.08.05"]

1. Nc3 d5 2. e4 c6 3. f4 e6 4. Nf3 Bb4 5. e5 Ne7 6. d4 b6 7. a3 Bxc3+ 8.
bxc3 Qc7 9. Be3 c5 10. Bd3 Ba6 11. O-O Bxd3 12. Qxd3 Nd7 13. g4 h5 14. h3
Rc8 15. Rf2 cxd4 16. cxd4 Qc3 17. Rd1 Qxd3 18. Rxd3 b5 19. c3 Nb6 20. Rb2
a6 21. Kf2 hxg4 22. hxg4 Rh1 23. Nd2 Ra1 24. Nb3 Rxa3 25. Nc5 Na4 26. Nxa4
Rxa4 27. Bd2 Nc6 28. Rh3 Na5 29. Rh8+ Kd7 30. Rxc8 Kxc8 31. Be1 Nc4 32. Rb4
Ra2+ 33. Kf3 Kd7 34. f5 Ra1 35. Ke2 Kc6 36. fxe6 fxe6 37. Bh4 a5 38. Rb3 a4
39. Rb4 a3 40. Kd3 a2 0-1

[Event "HZ Open"]
[Site "Vlissingen NED"]
[Date "2006.08.11"]
[Round "8"]
[White "Hekhuis,J"]
[Black "Fernandez,D SIN"]
[Result "1-0"]
[WhiteElo "2138"]
[BlackElo "1955"]
[EventDate "2006.08.05"]

1. Nf3 c5 2. c4 Nc6 3. Nc3 e6 4. d4 cxd4 5. Nxd4 Nf6 6. e4 d6 7. Be2 a6 8.
O-O Bd7 9. Be3 Rc8 10. f4 Qc7 11. Rc1 Qb8 12. b3 Be7 13. Qe1 O-O 14. g4
Nxd4 15. Bxd4 e5 16. Be3 Nxg4 17. Bxg4 Bxg4 18. Nd5 Bd8 19. Qg3 f5 20. fxe5
dxe5 21. h3 Bh5 22. Rxf5 Rxf5 23. exf5 Kh8 24. Bg5 Qd6 25. Re1 Bxg5 26.
Qxg5 Bf7 27. Qe7 Qxe7 28. Nxe7 Rc5 29. Rd1 h6 30. Ng6+ Kh7 31. Nf8+ Kg8 32.
Rd8 Ra5 33. Ng6+ 1-0

[Event "HZ Open"]
[Site "Vlissingen NED"]
[Date "2006.08.11"]
[Round "8"]
[White "Zomer,K"]
[Black "Eng,A"]
[Result "0-1"]
[WhiteElo "2113"]
[BlackElo "1947"]
[EventDate "2006.08.05"]

1. d4 Nf6 2. Nf3 c5 3. dxc5 e6 4. a3 a5 5. Bf4 Bxc5 6. e3 d5 7. Nc3 Nc6 8.
Bb5 O-O 9. O-O Bd7 10. Qe2 Qe7 11. Rad1 Rac8 12. Bxc6 Bxc6 13. Ne5 Bd6 14.
Nxc6 bxc6 15. Bxd6 Qxd6 16. e4 Qb8 17. Rd3 dxe4 18. Nxe4 Qxb2 19. Nd6 Rb8
20. Nc4 Qb5 21. Nd6 Qc5 22. c4 a4 23. Qe3 Qxe3 24. fxe3 Rfd8 25. Rfd1 Rb3
26. Rxb3 axb3 0-1

[Event "HZ Open"]
[Site "Vlissingen NED"]
[Date "2006.08.12"]
[Round "9"]
[White "Ikonnikov,Vy"]
[Black "L'Ami,E"]
[Result "1/2-1/2"]
[WhiteElo "2587"]
[BlackElo "2586"]
[EventDate "2006.08.05"]

1. d4 Nf6 2. Nf3 g6 3. c4 Bg7 4. Nc3 d5 5. cxd5 Nxd5 6. e4 Nxc3 7. bxc3 c5
8. Be3 Qa5 9. Qd2 Nc6 10. Rc1 cxd4 11. cxd4 Qxd2+ 12. Kxd2 O-O 1/2-1/2

[Event "HZ Open"]
[Site "Vlissingen NED"]
[Date "2006.08.12"]
[Round "9"]
[White "Gurevich,M"]
[Black "Krasenkow,M"]
[Result "0-1"]
[WhiteElo "2643"]
[BlackElo "2635"]
[EventDate "2006.08.05"]

1. d4 d5 2. c4 e6 3. Nc3 c6 4. e4 dxe4 5. Nxe4 Bb4+ 6. Bd2 Qxd4 7. Bxb4
Qxe4+ 8. Be2 Na6 9. Bd6 b6 10. Nf3 Bb7 11. O-O Rd8 12. Bd3 Qg4 13. h3 Qh5
14. Bc2 Ne7 15. Qd4 Nb4 16. Rad1 Nxc2 17. Qxg7 Rg8 18. Qf6 Rxd6 19. Rxd6 c5
20. Rfd1 Nd4 21. R1xd4 cxd4 22. Qxd4 Nc6 0-1

[Event "HZ Open"]
[Site "Vlissingen NED"]
[Date "2006.08.12"]
[Round "9"]
[White "Nijboer,F"]
[Black "Pedersen,Stef"]
[Result "1-0"]
[WhiteElo "2598"]
[BlackElo "2436"]
[EventDate "2006.08.05"]

1. e4 c6 2. d4 d5 3. e5 Bf5 4. Nf3 e6 5. Be2 Nd7 6. O-O Bg6 7. Nbd2 Nh6 8.
Nb3 Nf5 9. a4 Be7 10. a5 O-O 11. c4 Rc8 12. h3 Kh8 13. Bd2 dxc4 14. Bxc4 c5
15. d5 exd5 16. Bxd5 Nxe5 17. Bxb7 Rb8 18. a6 Nxf3+ 19. Qxf3 c4 20. Ba5 Qd7
21. Rfd1 Qb5 22. Nc1 Qxb2 23. Bc3 Qb6 24. Ne2 Bf6 25. Bxf6 Qxf6 26. g4 Nh4
27. Qxf6 gxf6 28. Kh2 Bc2 29. Rdc1 Bd3 30. Nd4 Rbd8 31. Nc6 Rde8 32. Nxa7
f5 33. Nb5 Be4 34. Bxe4 fxe4 35. a7 f5 36. Nc7 1-0

[Event "HZ Open"]
[Site "Vlissingen NED"]
[Date "2006.08.12"]
[Round "9"]
[White "Barua,D"]
[Black "Van der Wiel,J"]
[Result "1/2-1/2"]
[WhiteElo "2453"]
[BlackElo "2508"]
[EventDate "2006.08.05"]

1. e4 c5 2. Nf3 Nc6 3. d4 cxd4 4. Nxd4 e5 5. Nb5 d6 6. c4 Be7 7. N1c3 a6 8.
Na3 Be6 9. Nc2 Bg5 10. Be2 Bxc1 11. Rxc1 Nge7 12. O-O O-O 13. Qd2 Qd7 14.
Rfd1 Rad8 15. b4 f5 16. b5 Nb8 17. a4 f4 18. f3 Rf6 19. Nd5 Rh6 20. Bf1 Qe8
21. Ncb4 a5 22. Nxe7+ Qxe7 23. Nd5 Qh4 24. h3 Nd7 25. c5 dxc5 26. Nc7 Bb3
27. Bc4+ Bxc4 28. Rxc4 Rg6 29. Rc2 Qxh3 30. Qd5+ Kf8 31. Qxb7 Qxf3 32. Rxd7
Qe3+ 33. Kf1 Rxd7 34. Qa8+ Ke7 1/2-1/2

[Event "HZ Open"]
[Site "Vlissingen NED"]
[Date "2006.08.12"]
[Round "9"]
[White "Perez,Rod"]
[Black "Landa,K"]
[Result "0-1"]
[WhiteElo "2406"]
[BlackElo "2584"]
[EventDate "2006.08.05"]

1. c4 e6 2. Nf3 Nf6 3. g3 d5 4. Bg2 dxc4 5. Qa4+ c6 6. Qxc4 b5 7. Qb3 Bb7
8. O-O Nbd7 9. d4 a6 10. Bg5 c5 11. dxc5 Bxc5 12. Nc3 O-O 13. Rad1 Qc7 14.
Bxf6 Nxf6 15. Ng5 Bxg2 16. Kxg2 Qc6+ 17. Nf3 Rfd8 18. Rxd8+ Rxd8 19. Rd1
Rc8 20. Rd3 g5 21. Kg1 g4 22. Nd2 b4 23. Na4 Be7 24. Qd1 h5 25. b3 Kg7 26.
Nb2 Nd5 27. Nb1 f5 28. Nc4 Bc5 29. Qc1 Be7 30. Qf1 Bf6 31. Qg2 Nc3 32. Qxc6
Rxc6 33. Nxc3 bxc3 34. Rd1 h4 35. gxh4 Bxh4 36. e3 Bf6 37. Kf1 Rc8 38. Ke2
Rh8 39. Rh1 Kg6 40. Kd3 Kg5 41. b4 Kh4 42. Ke2 Kh3 43. f3 Rc8 44. Na5 Kg2
45. Rf1 c2 0-1

[Event "HZ Open"]
[Site "Vlissingen NED"]
[Date "2006.08.12"]
[Round "9"]
[White "Stellwagen,D"]
[Black "Berg,K"]
[Result "1-0"]
[WhiteElo "2575"]
[BlackElo "2393"]
[EventDate "2006.08.05"]

1. e4 c6 2. d4 d5 3. Nc3 dxe4 4. Nxe4 Bf5 5. Ng3 Bg6 6. h4 h6 7. Nf3 Nd7 8.
h5 Bh7 9. Bd3 Bxd3 10. Qxd3 e6 11. Bf4 Qa5+ 12. Bd2 Qc7 13. O-O-O Ngf6 14.
Ne4 O-O-O 15. g3 Nxe4 16. Qxe4 Bd6 17. c4 Nf6 18. Qe2 c5 19. Bc3 cxd4 20.
Nxd4 a6 21. Kb1 Kb8 22. Nf3 Ka8 23. Ne5 Bxe5 24. Bxe5 Qc6 25. Rxd8+ Rxd8
26. f3 Ne8 27. Rd1 Rd7 28. Rxd7 Qxd7 29. b3 f6 30. Bc3 b5 31. Bb4 Nc7 32.
Kc2 Kb8 33. Qd3 Qe8 34. g4 bxc4 35. bxc4 Kc8 36. Kb3 Qc6 37. Qe4 Qb6 38.
Ka4 Kd7 39. Qd3+ Kc8 40. Qe4 Kd7 41. f4 Kc8 42. a3 Kd7 43. Bc3 Nd5 44. Ba5
Qe3 45. Qg6 Nc3+ 46. Bxc3 Qxc3 47. Qf7+ Kd6 48. Qf8+ Kd7 49. Qb4 Qf3 50. c5
e5 51. fxe5 fxe5 52. Qd2+ Kc8 53. Qd6 Qxg4+ 54. Ka5 Qc4 55. Qf8+ Kd7 56.
Qxg7+ Kc8 57. Qf8+ Kc7 58. Qd6+ Kc8 59. Qc6+ Kd8 60. Kb6 e4 61. Qf6+ Ke8
62. Qe5+ Kd8 63. c6 Qb3+ 64. Ka7 e3 65. Qd6+ Ke8 66. Qd7+ Kf8 67. c7 1-0

[Event "HZ Open"]
[Site "Vlissingen NED"]
[Date "2006.08.12"]
[Round "9"]
[White "Klenburg,M"]
[Black "Li Shilong"]
[Result "0-1"]
[WhiteElo "2403"]
[BlackElo "2540"]
[EventDate "2006.08.05"]

1. g3 Nf6 2. Bg2 g6 3. e4 d6 4. d3 Bg7 5. f4 O-O 6. Nf3 c5 7. O-O Nc6 8.
Nc3 Rb8 9. h3 b5 10. g4 b4 11. Ne2 Nd7 12. f5 Nde5 13. Nxe5 Bxe5 14. c3
bxc3 15. bxc3 Ba6 16. Bh6 Rb2 17. Bxf8 Qxf8 18. Rf2 Qh6 19. Qc1 Rd2 20. Ng3
Bf4 21. Rxd2 Bxd2 22. Qa3 Qe3+ 23. Kh2 Bxd3 24. Qa4 Bxc3 25. Rf1 Bxf1 26.
Nxf1 Qf4+ 27. Kh1 Ne5 28. Qe8+ Kg7 29. Qxe7 Nf3 30. Qxa7 Ne1 31. e5 Nxg2
32. Kxg2 Bd4 33. f6+ Kh6 0-1

[Event "HZ Open"]
[Site "Vlissingen NED"]
[Date "2006.08.12"]
[Round "9"]
[White "Garbisu de Goni,U"]
[Black "Van Leent,D"]
[Result "1-0"]
[WhiteElo "2444"]
[BlackElo "2262"]
[EventDate "2006.08.05"]

1. e4 e5 2. Nf3 Nc6 3. d4 exd4 4. Nxd4 Qf6 5. Be3 Bc5 6. c3 Qg6 7. Qf3 Ne5
8. Qe2 Ne7 9. f4 Ng4 10. f5 Qh5 11. Bf4 O-O 12. h3 Nf6 13. Qxh5 Nxh5 14.
Bxc7 Re8 15. Be2 Nf6 16. Nd2 Nc6 17. N4b3 Bf8 18. O-O-O d5 19. e5 Nxe5 20.
Nd4 Bd7 21. N2f3 Nc6 22. Bd3 Rac8 23. Bh2 Bc5 24. Bc2 Ne4 25. Rhf1 Na5 26.
Ne5 Bc6 27. Rfe1 Nf2 28. Rd2 Bxd4 29. Rxd4 f6 30. Rd2 fxe5 31. Rxf2 e4 32.
b3 b5 33. Kb2 Nb7 34. f6 Rf8 35. Be5 Nd8 36. Bd1 Bd7 37. Ref1 Nc6 38. f7+
1-0

[Event "HZ Open"]
[Site "Vlissingen NED"]
[Date "2006.08.12"]
[Round "9"]
[White "Leenhouts,K"]
[Black "Roeder,M"]
[Result "1-0"]
[WhiteElo "2395"]
[BlackElo "2423"]
[EventDate "2006.08.05"]

1. e4 c5 2. Nf3 d6 3. d4 cxd4 4. Qxd4 Nf6 5. Nc3 a6 6. e5 Nc6 7. Qa4 Ng4 8.
exd6 Qxd6 9. h3 Nge5 10. Nxe5 Qxe5+ 11. Be3 e6 12. Bb5 Bd7 13. O-O-O Rc8
14. Be2 Bb4 15. Rd3 Bxc3 16. Rxc3 O-O 17. Rd1 Nb8 18. Rxd7 Rxc3 19. bxc3 b5
20. Qd4 Nxd7 21. Qxd7 Qxc3 22. Qd4 Qa5 23. Kb2 Rd8 24. Qc5 h6 25. Bd3 Qe1
26. Qc3 Qg1 27. Qc7 Rxd3 28. cxd3 Qxg2 29. Qc8+ Kh7 30. Qxa6 Qd5 31. Qa3 g5
32. Qc5 Qxd3 33. Qc2 Qg6 34. Qxg6+ Kxg6 35. Kc3 f5 36. Kb4 f4 37. Bxf4 gxf4
38. Kxb5 Kf5 39. a4 e5 40. Kc4 f3 41. Kd3 Kf4 42. a5 e4+ 43. Kd2 e3+ 44.
Ke1 1-0

[Event "HZ Open"]
[Site "Vlissingen NED"]
[Date "2006.08.12"]
[Round "9"]
[White "Iordachescu,V"]
[Black "Karasik,E"]
[Result "1-0"]
[WhiteElo "2603"]
[BlackElo "2289"]
[EventDate "2006.08.05"]

1. e4 c5 2. Nf3 Nc6 3. Bb5 e6 4. O-O Nge7 5. Re1 a6 6. Bf1 Ng6 7. c3 d5 8.
exd5 Qxd5 9. d4 Be7 10. c4 Qh5 11. d5 Nce5 12. Nxe5 Qxd1 13. Rxd1 Nxe5 14.
Nc3 Bd7 15. Bf4 Ng6 16. Be3 Rc8 17. Ne4 f5 18. dxe6 Bxe6 19. Nd6+ Bxd6 20.
Rxd6 Ke7 21. Rb6 Rc7 22. Re1 Nf8 23. g3 Kf7 24. Bf4 Rd7 25. b3 h6 26. Bg2
g5 27. Bd6 Ng6 28. Rxe6 1-0

[Event "HZ Open"]
[Site "Vlissingen NED"]
[Date "2006.08.12"]
[Round "9"]
[White "Erenburg,S"]
[Black "Van Riemsdijk,H"]
[Result "1-0"]
[WhiteElo "2585"]
[BlackElo "2376"]
[EventDate "2006.08.05"]

1. e4 c5 2. Nf3 e6 3. d4 cxd4 4. Nxd4 Nf6 5. Nc3 Nc6 6. Ndb5 Bb4 7. a3
Bxc3+ 8. Nxc3 d5 9. exd5 exd5 10. Bd3 O-O 11. O-O d4 12. Ne2 Bg4 13. Bg5
Qd6 14. Qd2 Bxe2 15. Bf4 Qd5 16. Bxe2 Ne5 17. Rad1 Rad8 18. Rfe1 Ng6 19.
Bg3 Ne4 20. Qb4 Nxg3 21. hxg3 Ne5 22. f4 a5 23. Qb5 Qxb5 24. Bxb5 Ng4 25.
Re4 Rc8 26. Bd7 Nf6 27. Bxc8 Nxe4 28. Bxb7 Nxg3 29. Kf2 Nh5 30. Rxd4 Nf6
31. Ra4 h5 32. Rxa5 1-0

[Event "HZ Open"]
[Site "Vlissingen NED"]
[Date "2006.08.12"]
[Round "9"]
[White "Smeets,J"]
[Black "Schuurman,P"]
[Result "1-0"]
[WhiteElo "2532"]
[BlackElo "2219"]
[EventDate "2006.08.05"]

1. Nf3 d5 2. d4 Nf6 3. c4 e6 4. Nc3 c5 5. cxd5 exd5 6. Bg5 Nc6 7. Bxf6 Qxf6
8. Nxd5 Qd8 9. dxc5 Bxc5 10. e3 Be6 11. Nc3 Qb6 12. Bb5 O-O 13. O-O Bg4 14.
Qa4 Bxf3 15. gxf3 a6 16. Bxc6 bxc6 17. Qc4 Be7 18. b3 Rad8 19. Rad1 Qa5 20.
Na4 Bd6 21. Qg4 Rfe8 22. f4 Re6 23. Kh1 Rde8 24. Rd3 Rg6 25. Qf3 Qf5 26.
Rfd1 Bf8 27. Nc3 Rh6 28. Ne2 Qf6 29. Ng3 Qh4 30. Nf1 Rg6 31. Rd4 Bc5 32.
Ra4 Rd8 33. f5 Rxd1 34. Qxd1 1-0

[Event "HZ Open"]
[Site "Vlissingen NED"]
[Date "2006.08.12"]
[Round "9"]
[White "Bezemer,A"]
[Black "Khmelniker,I"]
[Result "1-0"]
[WhiteElo "2346"]
[BlackElo "2461"]
[EventDate "2006.08.05"]

1. e4 e5 2. Nf3 Nc6 3. Bb5 a6 4. Ba4 Nf6 5. O-O Nxe4 6. d4 b5 7. Bb3 d5 8.
dxe5 Be6 9. Nbd2 Be7 10. c3 Nc5 11. Bc2 Bg4 12. Re1 Qd7 13. h3 Bh5 14. Nb3
O-O 15. Nbd4 Bg6 16. Bxg6 hxg6 17. Bg5 Nd8 18. b4 Ne4 19. Bxe7 Qxe7 20.
Nxb5 c6 21. Nbd4 Nxc3 22. Qb3 Ne4 23. Rac1 Qa7 24. Re2 Qb6 25. a3 Rc8 26.
Kh2 Re8 27. Qe3 Qb8 28. Kg1 a5 29. Qb3 axb4 30. axb4 Qb6 31. b5 Nc5 32. Qe3
cxb5 33. Rec2 Ndb7 34. Nb3 Rc7 35. Rxc5 Nxc5 36. Rxc5 Rxc5 37. Qxc5 Qxc5
38. Nxc5 Rc8 39. Nb3 Rc2 40. Nfd4 Rb2 41. f4 Kf8 42. Kh2 b4 43. Kg3 Rb1 44.
Kg4 Ke7 45. g3 Kd7 46. Kg5 Re1 47. Nc5+ Ke8 48. g4 Re4 49. Nxe4 dxe4 50.
Kh4 1-0

[Event "HZ Open"]
[Site "Vlissingen NED"]
[Date "2006.08.12"]
[Round "9"]
[White "Saptarshi,R"]
[Black "Michiels,B"]
[Result "1-0"]
[WhiteElo "2373"]
[BlackElo "2455"]
[EventDate "2006.08.05"]

1. e4 e6 2. d4 d5 3. Nc3 Nf6 4. Bg5 dxe4 5. Nxe4 Nbd7 6. Nf3 h6 7. Bxf6
Nxf6 8. Bd3 Be7 9. Nxf6+ Bxf6 10. c3 Qe7 11. Qe2 O-O 12. h4 Re8 13. Qe4 Qd6
14. g4 g6 15. h5 Qd5 16. hxg6 Qxe4+ 17. Bxe4 e5 18. dxe5 Bxe5 19. Bd5 Bg7+
20. Kf1 Be6 21. gxf7+ Kxf7 22. Rd1 Rad8 23. Bxe6+ Kxe6 24. Rxd8 Rxd8 25.
Ke2 Rd6 26. Nd4+ Kf7 27. Nf5 Rb6 28. b3 Kg6 29. f4 Ra6 30. a4 Rf6 31. b4
Ra6 32. a5 c5 33. Nxg7 Kxg7 34. Rd1 Re6+ 35. Kf3 Re7 36. bxc5 Rc7 37. Rd5
Kf6 38. Ke4 Rg7 39. Rd6+ Ke7 40. Rxh6 Rxg4 41. Rh7+ Ke6 42. Rxb7 Rg3 43.
Rxa7 Rxc3 44. f5+ Kf6 45. Ra6+ 1-0

[Event "HZ Open"]
[Site "Vlissingen NED"]
[Date "2006.08.12"]
[Round "9"]
[White "Lacrosse,M"]
[Black "Zambrana,O"]
[Result "0-1"]
[WhiteElo "2225"]
[BlackElo "2429"]
[EventDate "2006.08.05"]

1. d4 d5 2. c4 c6 3. Nf3 Nf6 4. Nc3 e6 5. Bg5 h6 6. Bxf6 Qxf6 7. Qc2 Nd7 8.
e4 dxc4 9. e5 Qf5 10. Qxf5 exf5 11. Bxc4 Nb6 12. Bb3 a5 13. a3 a4 14. Ba2
Be6 15. O-O-O Ra5 16. Kb1 Be7 17. Ne1 O-O 18. f4 Rd8 19. Nf3 Nc4 20. Rhe1
b5 21. d5 cxd5 22. Nd4 b4 23. Nc6 bxc3 24. Nxe7+ Kf8 25. Nc6 Rb5 26. Bxc4
Rxb2+ 27. Ka1 Rc8 28. Bxd5 Bxd5 29. Rxd5 Rxc6 30. Rc1 Rxg2 31. Rd3 Rxh2 32.
Rdxc3 Rxc3 33. Rxc3 g5 0-1

[Event "HZ Open"]
[Site "Vlissingen NED"]
[Date "2006.08.12"]
[Round "9"]
[White "Kohlweyer,B"]
[Black "Vedder,R"]
[Result "1/2-1/2"]
[WhiteElo "2419"]
[BlackElo "2229"]
[EventDate "2006.08.05"]

1. c4 e5 2. d3 Nf6 3. Nf3 Nc6 4. a3 a5 5. g3 Bc5 6. Nc3 O-O 7. Bg2 d5 8.
cxd5 Nxd5 9. O-O Nde7 10. Bd2 Nf5 11. Rc1 Be7 12. Na4 f6 13. Qb3+ Kh8 14.
e3 Qe8 15. Ne1 Bd7 16. Nc5 1/2-1/2

[Event "HZ Open"]
[Site "Vlissingen NED"]
[Date "2006.08.12"]
[Round "9"]
[White "Beuman,T"]
[Black "Delemarre,J"]
[Result "1/2-1/2"]
[WhiteElo "2175"]
[BlackElo "2471"]
[EventDate "2006.08.05"]

1. e4 e6 2. d3 d5 3. Nd2 Nf6 4. Ngf3 b6 5. e5 Nfd7 6. d4 f5 7. exf6 Qxf6 8.
Bd3 Nc6 9. O-O Bd6 10. Re1 O-O 11. Qe2 Nb4 12. Ne5 Nxd3 13. cxd3 Bxe5 14.
dxe5 Qg6 15. d4 Nb8 16. Nf3 Ba6 17. Qd1 Nc6 18. Re3 Rac8 19. Qa4 Bb7 20.
Bd2 a6 21. Rc1 b5 22. Qc2 Qxc2 23. Rxc2 Rxf3 24. gxf3 Nxd4 25. Rc5 c6 26.
Kg2 1/2-1/2

[Event "HZ Open"]
[Site "Vlissingen NED"]
[Date "2006.08.12"]
[Round "9"]
[White "Spoelman,W"]
[Black "Hekhuis,J"]
[Result "1/2-1/2"]
[WhiteElo "2461"]
[BlackElo "2138"]
[EventDate "2006.08.05"]

1. e4 c5 2. Nf3 d6 3. d4 cxd4 4. Nxd4 Nf6 5. Nc3 g6 6. Be3 Bg7 7. f3 Nc6 8.
Qd2 O-O 9. O-O-O d5 10. exd5 Nxd5 11. Nxc6 bxc6 12. Bd4 Be6 13. Ne4 Bxd4
14. Qxd4 Qa5 15. Bc4 Nc7 16. a3 Nb5 17. Qc5 Bxc4 18. Qxc4 Rfd8 19. Qc5 Qc7
20. h4 Qf4+ 21. Kb1 Nd6 22. Qxc6 Rac8 23. Qd5 h5 24. Nxd6 Rxd6 25. Qe4 Qf6
26. Rhe1 Rb6 27. Qd4 Qc6 28. Rd2 Rcb8 29. c4 Qa4 30. Ka1 Rd6 31. Qe5 Qxc4
32. Rxd6 exd6 33. Qxd6 Qb3 34. Qf6 Qc2 35. Qe5 Rd8 36. Qe4 Qxg2 37. Rc1 Qd2
38. Rc7 a5 39. Qc4 Qd1+ 40. Ka2 Qxf3 41. Rc5 1/2-1/2

[Event "HZ Open"]
[Site "Vlissingen NED"]
[Date "2006.08.12"]
[Round "9"]
[White "Van Weersel,A"]
[Black "Roy Chowdhury,S"]
[Result "0-1"]
[WhiteElo "2155"]
[BlackElo "2394"]
[EventDate "2006.08.05"]

1. e4 c5 2. c4 Nc6 3. Ne2 g6 4. d4 cxd4 5. Nxd4 Bg7 6. Be3 Nf6 7. Nc3 O-O
8. Be2 b6 9. O-O Bb7 10. f3 Qb8 11. Qd2 Rd8 12. Ndb5 d6 13. Nd5 Rd7 14.
Rfd1 Qf8 15. Rac1 e6 16. Ndc3 Rad8 17. Qc2 Qe7 18. f4 d5 19. e5 d4 20. exf6
Bxf6 21. Bf2 d3 22. Qd2 dxe2 23. Qxe2 a6 24. Rxd7 Rxd7 25. Na3 Nd4 26. Qf1
Qd6 27. Be3 Qc6 28. Nab1 Nf5 29. Bf2 Rd4 30. Ne2 Rxc4 31. Rxc4 Qxc4 32.
Nec3 Qc7 33. Nd1 b5 0-1

[Event "HZ Open"]
[Site "Vlissingen NED"]
[Date "2006.08.12"]
[Round "9"]
[White "Rosmuller,A"]
[Black "Roktim,B"]
[Result "0-1"]
[WhiteElo "2122"]
[BlackElo "2365"]
[EventDate "2006.08.05"]

1. d4 Nf6 2. c4 e6 3. Nc3 Bb4 4. e3 b6 5. Nge2 c5 6. a3 Ba5 7. Rb1 Na6 8.
Ng3 Bb7 9. Bd3 Bxc3+ 10. bxc3 h5 11. h4 Bxg2 12. Rg1 Bb7 13. e4 d6 14. Bg5
Qc7 15. a4 Nb8 16. Bxf6 gxf6 17. d5 Nd7 18. f4 O-O-O 19. Be2 f5 20. Nxh5
fxe4 21. Kf2 exd5 22. cxd5 e3+ 23. Kf1 Rde8 24. Rg5 Rxh5 25. Rxh5 Nf6 26.
Bb5 e2+ 27. Bxe2 Nxh5 28. Bxh5 Ba6+ 29. Kg1 Qe7 30. Qg4+ Kb8 31. Qg3 Qe4
32. Rd1 Qh7 33. f5 Kc7 34. Re1 Rxe1+ 35. Qxe1 Qxf5 36. Qe7+ Qd7 37. Qxd7+
Kxd7 38. Bxf7 Ke7 39. Be6 b5 40. axb5 Bxb5 41. Kf2 a5 42. Ke3 a4 43. Kd2 a3
44. Kc2 Bc4 45. h5 Kf6 46. Kb1 Kg7 47. Ka1 Kf6 48. Kb1 Be2 49. h6 Bc4 50.
Bg8 Kg6 51. h7 Kg7 52. Kc2 Kh8 53. Kb1 Bd3+ 54. Ka2 Bxh7 55. Be6 Kg7 56.
Kxa3 Kf6 57. Kb2 Ke5 58. Kc1 Be4 59. Kd2 Bxd5 60. Bg4 Be4 61. Be2 d5 62.
Ba6 Kd6 63. Bf1 Kc6 64. Be2 Kb6 65. Bd1 Ka5 66. Be2 Ka4 67. Ba6 Kb3 68. Bc8
Kb2 69. Ba6 c4 70. Bb7 Bg2 0-1